Tribal women changing spectrum in India / (Record no. 65110)

MARC details
000 -LEADER
fixed length control field 00613nam a22001697a 4500
005 - DATE AND TIME OF LATEST TRANSACTION
control field 2012041708238.0
020 ## - INTERNATIONAL STANDARD BOOK NUMBER
International Standard Book Number 8170541034
Terms of availability 180.00
035 ## - SYSTEM CONTROL NUMBER
System control number A-389432
037 ## - SOURCE OF ACQUISITION
Stock number DPL
Source of stock number/acquisition ENG
100 ## - MAIN ENTRY--PERSONAL NAME
Personal name Dharam Vir
245 ## - TITLE STATEMENT
Title Tribal women changing spectrum in India /
Statement of responsibility, etc by Dharam Vir and Manju Manral
260 ## - PUBLICATION, DISTRIBUTION, ETC. (IMPRINT)
Place of publication, distribution, etc New Delhi
Name of publisher, distributor, etc Classical Publishing Company
Date of publication, distribution, etc 1990
300 ## - PHYSICAL DESCRIPTION
Extent xv, 195p.
Dimensions 20 cms.
700 ## - ADDED ENTRY--PERSONAL NAME
Personal name Manral, Manju
9 (RLIN) 45213
942 ## - ADDED ENTRY ELEMENTS (KOHA)
Source of classification or shelving scheme Dewey Decimal Classification
Item type English Books
Classification part 305.4
Call number suffix DHA
Holdings
Withdrawn status Lost status Not for loan Collection code Home library Current library Date acquired Cost, normal purchase price Full call number Barcode Cost, replacement price Koha item type
      Non-fiction Sarojini Nagar Sarojini Nagar 17/04/2012 180.00 305.4 DHA A-389432 180.00 English Books

© Delhi Public Library
Hit Counter
free hit counter